000
00260nam a2200097Ia 4500
001
1154169
005
20250827011139.0
008
250824s9999 xx 000 0 und d
245
0
_a
KORKMAYIN ÇÜNKÜ BEN SİZİNLEYİM
_c
UĞR KOŞAR
260
_b
DESTEK YAYINLARI
999
_c
1154169
_d
1154169